Communication techniques under jamming (EME) (Record no. 181503)

000 -LEADER
fixed length control field 00712 a2200169 4500
003 - CONTROL NUMBER IDENTIFIER
control field Nust
005 - DATE AND TIME OF LATEST TRANSACTION
control field 20170207153214.0
040 ## - CATALOGING SOURCE
Transcribing agency Nust
082 ## - DEWEY DECIMAL CLASSIFICATION NUMBER
Classification number 621.382
100 ## - MAIN ENTRY--PERSONAL NAME
Personal name Hafiz , Lt Col Ghulam (MSc-17)
245 ## - TITLE STATEMENT
Title Communication techniques under jamming (EME)
Statement of responsibility, etc. Lt Col Ghulam Hafiz
260 ## - PUBLICATION, DISTRIBUTION, ETC.
Name of publisher, distributor, etc. MCS
Date of publication, distribution, etc. 1993
Place of publication, distribution, etc. Rawalpindi
300 ## - PHYSICAL DESCRIPTION
Extent xvi,101 :p.
505 ## - FORMATTED CONTENTS NOTE
Formatted contents note Introduction (page-1), Analysis of analog communication techniques (page-7), Analysis of frequency hopped spread spectrum communication techniques (page-26), Analysis of error detection and correction codes (page-37), Computer simulation analysis (page-48), Summary results (page-83).
538 ## - SYSTEM DETAILS NOTE
System details note Almirah No. 69 Shelf No. 2
650 ## - SUBJECT ADDED ENTRY--TOPICAL TERM
Topical term or geographic name entry element MS Thesis
651 ## - SUBJECT ADDED ENTRY--GEOGRAPHIC NAME
Geographic name MSc -17
Holdings
Withdrawn status Lost status Source of classification or shelving scheme Damaged status Not for loan Collection code Current Location Date acquired Total Checkouts Barcode Date last seen Price effective from Koha item type
            Military College of Signals (MCS) 12/12/2016   MCSTEE-7 12/08/2016 12/12/2016 Book
© 2023 Central Library, National University of Sciences and Technology. All Rights Reserved.